Computation and interpretation of biological statistics of fish populations / (Record no. 16195)

000 -LEADER
fixed length control field 00519nam a2200157Ii 4500
040 ## - CATALOGING SOURCE
Transcribing agency OSU
082 ## - DEWEY DECIMAL CLASSIFICATION NUMBER
Classification number 333 FIS 1978 A089 Or.
100 1# - MAIN ENTRY--AUTHOR NAME
Personal name Ricker, William Edwin
245 10 - TITLE STATEMENT
Title Computation and interpretation of biological statistics of fish populations /
260 ## - PUBLICATION, DISTRIBUTION, ETC. (IMPRINT)
Place of publication Ottawa :
Name of publisher Fisheries and Marine Service,
Year of publication c1978
300 ## - PHYSICAL DESCRIPTION
Number of Pages xviii, 382 p. :
Other physical details ill. ;
Dimensions 26 cm
490 1# - SERIES STATEMENT
Series statement Bulletin of the Fisheries Research Board of Canada ; 191
500 ## - GENERAL NOTE
General note Reprint of the 1975 ed
650 #0 - SUBJECT ADDED ENTRY--TOPICAL TERM
Topical Term Fish populations
942 ## - ADDED ENTRY ELEMENTS (KOHA)
Koha item type សៀវភៅភាសាអង់គ្លេស
952 ## - LOCATION AND ITEM INFORMATION (KOHA)
Withdrawn status [LOCAL, KOHA] 0
Holdings
Permanent Location Date acquired Koha item type Lost status Shelving location Barcode Current Location Full call number
Library Block A2018-01-23សៀវភៅភាសាអង់គ្លេស A089A24542Library Block A333 FIS 1978 A089 Or.
មជ្ឈមណ្ឌលឯការនៃសាកលវិទ្យាល័យភូមិន្ទកសិកម្មចំការដូង

Powered by Koha